Online Catalogue and eLibrary

A life-sketch of Tambimuttu Pillay (Record no. 3417)

MARC details
000 -LEADER
fixed length control field 00409nam a2200157Ia 4500
005 - DATE AND TIME OF LATEST TRANSACTION
control field 20250122021447.0
008 - FIXED-LENGTH DATA ELEMENTS--GENERAL INFORMATION
fixed length control field 240331s9999 xx 000 0 und d
020 ## - INTERNATIONAL STANDARD BOOK NUMBER
ISBN 9559518518
082 ## - DDC Classification
Item Number - Author Mark RAJ
Class No. 920
100 ## - MAIN ENTRY--PERSONAL NAME
Personal name Rajah, S.J
245 #2 - TITLE STATEMENT
Title A life-sketch of Tambimuttu Pillay
260 ## - PUBLICATION, DISTRIBUTION, ETC.
Place of publication, distribution, etc. Colombo
Name of publisher, distributor, etc. P. Tambimuttu
Date of publication, distribution, etc. 1988
300 ## - PHYSICAL DESCRIPTION
Extent (e.g. Volumes, Pages etc.) vi, 70 p .,
500 ## - GENERAL NOTE
General note A Story of Mr.S. Tambimuttu Pillay
942 ## - Koha item type (Biblio)
Koha item type Books in Stacks (Lending)
Holdings
Lost status Damaged status Collection code Home library Current library Shelving location Date acquired Full call number Accession Number Item type
    Lending WERC Library WERC Library Social Science Cupboard 03/31/2024 920 RAJ 647 Books in Stacks (Lending)

© WERC Library